| 000 -LEADER |
| fixed length control field |
00916cam a2200265 a 4500 |
| 001 - CONTROL NUMBER |
| control field |
(Sirsi) a900795 |
| 003 - CONTROL NUMBER IDENTIFIER |
| control field |
OSt |
| 005 - DATE AND TIME OF LATEST TRANSACTION |
| control field |
20191224114015.0 |
| 008 - FIXED-LENGTH DATA ELEMENTS--GENERAL INFORMATION |
| fixed length control field |
150612s2015 stk d 000 1 eng d |
| 020 ## - INTERNATIONAL STANDARD BOOK NUMBER |
| International Standard Book Number |
9781781124505 |
| Qualifying information |
(pbk.) : |
| 020 ## - INTERNATIONAL STANDARD BOOK NUMBER |
| International Standard Book Number |
1781124507 |
| Qualifying information |
(pbk.) : |
| 040 ## - CATALOGING SOURCE |
| Original cataloging agency |
TT |
| Language of cataloging |
eng |
| Transcribing agency |
TAE |
| 042 ## - AUTHENTICATION CODE |
| Authentication code |
nbic |
| 082 ## - DEWEY DECIMAL CLASSIFICATION NUMBER |
| Classification number |
FIC BRO |
| 100 1# - MAIN ENTRY--PERSONAL NAME |
| Personal name |
Brooks, Kevin, |
| Dates associated with a name |
1959- |
| Relator term |
author |
| 245 14 - TITLE STATEMENT |
| Title |
The devil's angel / |
| Statement of responsibility, etc. |
Kevin Brooks. |
| 260 ## - PUBLICATION, DISTRIBUTION, ETC. |
| Place of publication, distribution, etc. |
Edinburgh : |
| Name of publisher, distributor, etc. |
Barrington Stoke, |
| Date of publication, distribution, etc. |
2015. |
| 300 ## - PHYSICAL DESCRIPTION |
| Extent |
97 p. ; |
| Dimensions |
20 cm. |
| 440 ## - SERIES STATEMENT/ADDED ENTRY--TITLE |
| Title |
Super readable |
| 520 ## - SUMMARY, ETC. |
| Summary, etc. |
"It's half way into the summer term of Year 10 when Dean storms into Jack's life. Dean's scary, but he's exciting too, and soon the two boys are on course for a summer that will change their lives forever"--Back cover. |
| 521 1# - TARGET AUDIENCE NOTE |
| Target audience note |
13-18. |
| 650 #0 - SUBJECT ADDED ENTRY--TOPICAL TERM |
| Topical term or geographic name entry element |
Friendship |
| Form subdivision |
Juvenile fiction. |
| 650 #0 - SUBJECT ADDED ENTRY--TOPICAL TERM |
| Topical term or geographic name entry element |
Teenagers |
| Form subdivision |
Juvenile fiction. |
| 942 ## - ADDED ENTRY ELEMENTS (KOHA) |
| Source of classification or shelving scheme |
|
| Koha item type |
Books - Fiction |